| Tag |
First Indicator |
Second Indicator |
Subfields |
| LEADER |
00000cam a2200000 4500 |
| 001 |
in00000041210 |
| 005 |
20151007072505.0 |
| 008 |
790920s1952 fr a b 00000 fre |
| 010 |
|
|
|a 53035801
|
| 035 |
|
|
|a (OCoLC)05392643
|
| 035 |
|
|
|9 AAE7971AM
|
| 040 |
|
|
|a DLC
|c SMI
|d TXA
|d UtOrBLW
|
| 043 |
|
|
|a e------
|
| 049 |
|
|
|a TXAM
|c [294664]
|
| 050 |
|
0 |
|a QL737.C2
|b T4
|
| 082 |
0 |
|
|a 599.744
|
| 092 |
|
|
|a 599.744
|b T417p
|
| 100 |
1 |
|
|a Thévenin, René,
|d 1877-
|
| 245 |
1 |
4 |
|a Les petits carnivores d'Europe :
|b belette, hermine, putois, furet, vison, loutre, marte, fouine, blaireau, genette, mangouste, chat, lynx, renard, isatis.
|
| 264 |
|
1 |
|a Paris :
|b Payot,
|c 1952.
|
| 300 |
|
|
|a 293 pages :
|b illustrations ;
|c 23 cm.
|
| 336 |
|
|
|a text
|b txt
|2 rdacontent
|
| 337 |
|
|
|a unmediated
|b n
|2 rdamedia
|
| 338 |
|
|
|a volume
|b nc
|2 rdacarrier
|
| 490 |
0 |
|
|a Bibliotheque scientifique
|
| 504 |
|
|
|a Includes bibliography.
|
| 650 |
|
0 |
|a Carnivora.
|
| 650 |
|
0 |
|a Mammals
|z Europe.
|
| 949 |
|
|
|a updated
|b h
|c 2006/2/3
|e fpiscitelli
|f 2:48:40 pm
|
| 999 |
|
|
|a MARS
|
| 999 |
f |
f |
|s b52e428b-4dc5-385f-b052-88f7d20d6b16
|i b9e1ddb4-c935-350d-a644-8c27844af7e6
|t 0
|
| 952 |
f |
f |
|p ric
|a Texas A&M University
|b Rellis Campus
|c Joint Library Facility
|d Remote Storage
|t 0
|e QL737.C2 T4
|h Library of Congress classification
|i unmediated -- volume
|m A14801026056
|
| 998 |
f |
f |
|a QL737.C2 T4
|t 0
|l Remote Storage
|